00543nam a2200181Ii 45000010005000000030009000050080041000140400033000550410008000880820015000961100070001112450025001812640062002063000012002683360026002803370028003063380027003345043CO-ViMGA241108s9999||||xx |||||||||||||| ||und|| aCO-ViMGAbspaerdacCO-ViMGA0 aunk04a741.5 B2131 aBanco de la República (Colombia). Biblioteca Luis Angel Arango,10aHernán Merino 1987 1a[Lugar de publicación no identificado] : El Banco, 1987 avolumen atextbtxt2rdacontent aunmediatedbn2rdamedia avolumebnc2rdacarrier